000 00679nam a2200289Ia 4500
005 20260324125609.0
008 008 260324s9999 xx 000 0 eng d
020 _a9781315133959
037 _aEBOOK
040 _aCRL
040 _beng
040 _cCRL
041 _2eng
041 _aeng
084 _qCRL
100 _aMichal Krzyzanowski
_91178580
245 4 _aThe Politics of Exclusion
245 0 _bDebating Migration in Austria
260 _bTaylor and Francis
260 _c2009
365 _a
365 _b230
856 _uhttp://www.taylorfrancis.com/books/9781315133959
942 _cEBOOK
999 _c1774001
_d1774001